Educación, iglesia y estado: hacia un nuevo concordato

Saved in:
Bibliografiske detaljer
Hovedforfatter: Villa, Néstor Daniel (Author)
Format: Bog
Sprog:spansk
Udgivet: Buenos Aires Ciudad Argentina 1995
Fag:
Tags: Tilføj Tag
Ingen Tags, Vær først til at tagge denne postø!

MARC

LEADER 00000nam a2200000 a 4500
001 UCL3738
003 CL-VaPUC
008 031205e19950000AG |||||||||||||||||spa|d
082 0 4 |a 262.9  |b VIL  |2 21 
100 0 |a Villa, Néstor Daniel  |e author  |9 481147 
245 1 0 |a Educación, iglesia y estado: hacia un nuevo concordato 
300 |a 201 p 
942 |c BK 
945 |d 20031205 00:00:00  |a cmena 
260 |a Buenos Aires  |b Ciudad Argentina  |c 1995 
650 0 |a Derecho eclesiástico  |9 255055 
650 0 |a Estado y derecho  |9 255403 
650 7 |a LIBERTAD RELIGIOSA  |2 CL-VaPUC  |9 481148 
650 0 |a Educación religiosa   |9 308312 
583 |a last modification  |c 20031205 00:00:00  |k Rodrigo Vera 
999 |c 306746  |d 306744 
952 |0 0  |1 0  |4 0  |6 262_900000000000000_VIL_1995  |7 0  |8 A  |9 372010  |a BIBDER  |b BIBDER  |d 2019-11-21  |i 3927547  |l 1  |o 262.9 VIL 1995  |p 3927547  |r 2025-03-19  |s 2025-03-12  |w 2019-11-21  |y BK  |k DER